00390nam a2200145Ia 4500003000400000005001700004008004100021020001800062040000900080082001800089100002500107245005700132260004600189300000900235OSt20200611144106.0190216s9999||||xx |||||||||||||| ||und|| a9789675062032 coclc a297.63bSCH/A a Schimmel, Annemarie 4aAnd Muhammad Is His Messenger /cAnnemarie Schimmel bIslamic Book Trust,c2008.aKuala Lumpur: a377p